000
00350pam a2200157a 44500
008
230405s1995 xxu||||| |||| 00| 0 eng d
041
_a
ENG
100
_a
SIMON RAY
245
_a
MISEHIEF MARKETING
250
_a
1995
260
_a
NEW DELHI
_b
PITMAN
_c
1995
300
_a
420
650
_a
MARKETING MANAGEMENT
690
_a
MBA
906
_a
5682
999
_c
286493
_d
286493